Solutions for a troubled world /

Bibliographic Details
Other Authors: Macy, Mark, 1949-
Format: Book
Language:English
Published: Boulder, Colo., USA : Earthview Press, [1987]
Series:Peace series ; v. 1.
Subjects:

MARC

Tag First Indicator Second Indicator Subfields
LEADER 00000cam a2200000 a 4500
001 in00000011882
005 20151007051720.0
008 870317s1987 couc b 00100 eng
010 |a  87008859  
020 |a 0930705033 (pbk.) :  |c $8.95 
035 |a (OCoLC)15489802 
035 |9 AAA4428AM 
040 |a DLC  |c DLC  |d TXA  |d UtOrBLW 
049 |a TXAM  |c [A11027478] 
050 0 0 |a JX1963  |b .S64524 1987 
082 0 |a 327.1/72  |2 19 
245 0 0 |a Solutions for a troubled world /  |c edited by Mark Macy. 
264 1 |a Boulder, Colo., USA :  |b Earthview Press,  |c [1987] 
264 4 |c ©1987 
300 |a xiv, 318 pages :  |b portraits ;  |c 21 cm. 
336 |a text  |b txt  |2 rdacontent 
337 |a unmediated  |b n  |2 rdamedia 
338 |a volume  |b nc  |2 rdacarrier 
490 1 |a Peace series ;  |v v. 1 
504 |a Includes bibliographies and index. 
650 0 |a Peace. 
700 1 |a Macy, Mark,  |d 1949- 
830 0 |a Peace series ;  |v v. 1. 
999 |a MARS 
999 f f |s 4060b8a2-71e7-35ed-b65f-0b20a5770fe0  |i 5b4e5149-9a50-3be6-9952-cfb46e6fb1d0  |t 0 
952 f f |p ric  |a Texas A&M University  |b Rellis Campus  |c Joint Library Facility  |d Remote Storage  |t 0  |e JX1963 .S64524 1987  |h Library of Congress classification  |i unmediated -- volume  |m A14811027478 
998 f f |a JX1963 .S64524 1987  |t 0  |l Remote Storage